| 000 | 00425nam a22001817a 4500 | ||
|---|---|---|---|
| 008 | 220528b ||||| |||| 00| 0 eng d | ||
| 020 | _a9789390219261 | ||
| 082 |
_a658.15 _bGUF |
||
| 100 | _aGulati Sumit | ||
| 245 |
_aFinancial Management _cBy Sumit Gulati |
||
| 250 | _a2nd | ||
| 260 |
_aIndia _bMc Graw Hill _c2020 |
||
| 300 | _ai8p. | ||
| 650 | _aMANAGEMENT | ||
| 700 | _aY.P. Singh | ||
| 942 | _cBK | ||
| 999 |
_c43843 _d43843 |
||
| 041 | _aeng | ||